|
|
|
|
| LEADER |
00664nam a2200205Ia 4500 |
| 001 |
CTU_104991 |
| 008 |
210402s9999 xx 000 0 und d |
| 020 |
|
|
|c 300.31
|
| 082 |
|
|
|a 547.704569
|
| 082 |
|
|
|b W846
|
| 100 |
|
|
|a Wohlfarth, Christian
|
| 245 |
|
0 |
|a CRC handbook of thermodynamic data of polymer solutions at elevated pressures
|
| 245 |
|
0 |
|c Christian Wohlfarth
|
| 260 |
|
|
|a Boca Raton, FL.
|
| 260 |
|
|
|b Taylor & Francis
|
| 260 |
|
|
|c 2005
|
| 650 |
|
|
|a Polymer solutions,Thermodynamics
|
| 650 |
|
|
|x Thermal properties,Handbooks, manuals, etc.,Handbooks, manuals, etc.
|
| 904 |
|
|
|i Minh
|
| 980 |
|
|
|a Trung tâm Học liệu Trường Đại học Cần Thơ
|